000
00301pab a2200121 454500
008
180718b xxu||||| |||| 00| 0 eng d
100
_a
Gore M.S.
245
_a
Family and the rights of the individual
362
_a
38(12), 15 Jul 1994, p.13-15,25
650
_a
Family
773
_a
Yojana
909
_a
27302
999
_c
27302
_d
27302